Numerical methods and software

Guardat en:
Dades bibliogràfiques
Autors principals: Kahaner, David (Autor), Nash, Stephen (Autor)
Altres autors: Moler, Cleve B. (autor)
Format: Llibre
Idioma:anglès
Publicat: Englewood Cliffs Prentice-Hall 1989
Matèries:
Etiquetes: Afegir etiqueta
Sense etiquetes, Sigues el primer a etiquetar aquest registre!

MARC

LEADER 00000nam a2200000 a 4500
001 UCV5545
003 CL-VaPUC
008 900515e19890000US |||||||||||||||||eng|d
020 |a 013626672X 
082 0 4 |a 519.4  |b KAH  |2 21 
100 0 |a Kahaner, David  |e author  |9 299862 
700 |a Moler, Cleve B.  |e autor  |9 578031 
700 0 |a Nash, Stephen  |e author  |9 299864 
245 1 0 |a Numerical methods and software 
300 |a 495 p 
942 |c BK 
945 |d 19900515 00:00:00 
260 |a Englewood Cliffs  |b Prentice-Hall  |c 1989 
650 0 |a Análisis numérico   |9 259387 
583 |a last modification  |c 20120516 11:15:33  |k Rodrigo Vera 
999 |c 212032  |d 212030